Intersticios y micro-prácticas comunitarias de no-violencia: posibilidades para la construcción de una cultura de paz en Chile.
Furkejuvvon:
| Váldodahkki: | |
|---|---|
| Materiálatiipa: | Girji |
| Almmustuhtton: |
Valparaíso, Chile:
Ediciones Universitarias de Valparaíso; Pontificia Universidad Católica de Valparaíso, Escuela de Psicología,
2021.
|
| Ráidu: | Colección Psicología y Transformaciones Sociales
|
| Fáttát: | |
| Fáddágilkorat: |
Lasit fáddágilkoriid
Eai fáddágilkorat, Lasit vuosttaš fáddágilkora!
|
MARC
| LEADER | 00000nam a22000007a 4500 | ||
|---|---|---|---|
| 003 | CL-VaPUC | ||
| 005 | 20221108152128.0 | ||
| 008 | 220926t2021 ||||| |||| 00| 0 eng d | ||
| 999 | |c 438952 |d 438950 | ||
| 020 | |a 978-956-17-0983-6 | ||
| 040 | |c Pontificia Universidad Católica de Valparaíso | ||
| 082 | 0 | 4 | |2 22 |a 303.66 JIM 2021 |
| 100 | 1 | |a Jiménez Díaz, Luis |9 791912 |e autor | |
| 245 | 1 | 0 | |a Intersticios y micro-prácticas comunitarias de no-violencia: posibilidades para la construcción de una cultura de paz en Chile. |
| 260 | |a Valparaíso, Chile: |b Ediciones Universitarias de Valparaíso; |b Pontificia Universidad Católica de Valparaíso, Escuela de Psicología, |c 2021. | ||
| 300 | |a 149 páginas. | ||
| 490 | 0 | |a Colección Psicología y Transformaciones Sociales | |
| 500 | |a c.1. Donación EUV. 13/09/2022 c.2-c.4. Donación Escuela de Psicología. Memo Edu 6/2022. Recibido GC 27/09/2022 | ||
| 583 | |c 20220926 |k Catalogador Asistente | ||
| 650 | 1 | |a Paz |x Aspectos sociales |9 877634 | |
| 650 | 1 | |a Paz |x Aspectos psicológicos |9 877636 | |
| 650 | 1 | |a Conflictos sociales |z Chile |9 877637 | |
| 942 | |2 ddc |c BK | ||
| 952 | |0 0 |1 0 |2 ddc |4 0 |6 303_660000000000000_JIM_2021 |7 0 |8 A |9 586850 |a BIBEDU |b BIBEDU |c GEN |d 2022-09-26 |e Donación |i 5654803 |o 303.66 JIM 2021 |p 5654803 |r 2022-09-26 |t 1 |w 2022-09-26 |y BK |k PSI | ||
| 952 | |0 0 |1 0 |2 ddc |4 0 |6 303_660000000000000_JIM_2021 |7 0 |8 A |9 587031 |a BIBEDU |b BIBEDU |d 2022-10-03 |e Donación |i 5654982 |l 2 |m 5 |o 303.66 JIM 2021 |p 5654982 |r 2022-12-13 |s 2022-12-06 |t 2 |w 2022-10-03 |y BK |k PSI | ||
| 952 | |0 0 |1 0 |2 ddc |4 0 |6 303_660000000000000_JIM_2021 |7 0 |8 A |9 587032 |a BIBEDU |b BIBEDU |d 2022-10-03 |e Donación |i 5654983 |o 303.66 JIM 2021 |p 5654983 |r 2022-10-03 |t 3 |w 2022-10-03 |y BK |k PSI | ||
| 952 | |0 0 |1 0 |2 ddc |4 0 |6 303_660000000000000_JIM_2021 |7 0 |8 A |9 587033 |a BIBEDU |b BIBEDU |d 2022-10-03 |e Donación |i 5654984 |o 303.66 JIM 2021 |p 5654984 |r 2022-10-03 |t 4 |w 2022-10-03 |y BK |k PSI | ||